[Event "Copenhagen GoAudit op"]
[Site "Copenhagen"]
[Date "2021.11.13"]
[Round "5"]
[White "Boe, Mads"]
[Black "Akdag, Dara Sevkan"]
[Result "1-0"]
[WhiteElo "2243"]
[BlackElo "2155"]
[PlyCount "99"]
[EventDate "2021.11.12"]
[EventType "swiss"]
[EventRounds "7"]
[EventCountry "DEN"]
[SourceTitle "CBM 205 Extra"]
[Source "ChessBase"]
[SourceDate "2022.01.31"]
[SourceVersion "1"]
[SourceVersionDate "2022.01.31"]
[SourceQuality "1"]

1. d4 Nf6 2. Nf3 g6 3. Bg5 Bg7 4. e3 d6 5. Bd3 0-0 6. 0-0 Nbd7 7. Nbd2 a5 8. c3 a4 9. b4 c5 10. a3 Nb6 11. Rc1 cxd4 12. cxd4 Be6 13. h3 Rc8 14. e4 d5 15. e5 Ne8 16. Qe2 Nc7 17. Rc2 Bd7 18. Rfc1 Ne6 19. Be3 f5 20. Rxc8 Bxc8 21. Nb1 f4 22. Bd2 g5 23. Bc3 Qe8 24. Nh2 f3 25. Nxf3 Nf4 26. Qe3 Nxd3 27. Qxd3 Bf5 28. Qe3 Bh6 29. Nbd2 Qg6 30. g4 Be6 31. Ne1 Nc4 32. Nxc4 dxc4 33. Bd2 Bd5 34. f3 Rf4 35. Qf2 Rf8 36. Qe3 Qb6 37. Kg2 Rf4 38. Qf2 Qxd4 39. Qxd4 Rxd4 40. Be3 Rf4 41. Bxf4 gxf4 42. Nc2 Bg5 43. Nd4 e6 44. Nb5 Bd8 45. Rd1 Bb6 46. Nc3 Kf7 47. Nxd5 exd5 48. Rxd5 Ke6 49. Rd6+ Kxe5 50. Rxb6 1-0

[Event "Copenhagen GoAudit op"]
[Site "Copenhagen"]
[Date "2021.11.13"]
[Round "4"]
[White "Skytte, Rasmus"]
[Black "Boe, Mads"]
[Result "1/2-1/2"]
[WhiteElo "2378"]
[BlackElo "2243"]
[PlyCount "45"]
[EventDate "2021.11.12"]
[EventType "swiss"]
[EventRounds "7"]
[EventCountry "DEN"]
[SourceTitle "CBM 205 Extra"]
[Source "ChessBase"]
[SourceDate "2022.01.31"]
[SourceVersion "1"]
[SourceVersionDate "2022.01.31"]
[SourceQuality "1"]

1. e4 c5 2. Nf3 d6 3. d4 cxd4 4. Nxd4 Nf6 5. Nc3 g6 6. Be3 Bg7 7. f3 0-0 8. Qd2 Nc6 9. Bc4 Bd7 10. 0-0-0 Rc8 11. Bb3 Ne5 12. Kb1 Nc4 13. Bxc4 Rxc4 14. g4 b5 15. b3 b4 16. bxc4 bxc3 17. Qxc3 Qc7 18. g5 Nh5 19. Ka1 Rc8 20. Rb1 Be6 21. Rb2 Bxc4 22. Rhb1 d5 23. exd5 1/2-1/2

[Event "Skandenborg Smuk-A"]
[Site "Skanderborg"]
[Date "2021.08.21"]
[Round "3.2"]
[White "Boe, Mads"]
[Black "Kistrup, Nicolai"]
[Result "1/2-1/2"]
[WhiteElo "2250"]
[BlackElo "2250"]
[PlyCount "35"]
[EventDate "2021.08.20"]
[EventType "tourn"]
[EventRounds "5"]
[EventCountry "DEN"]
[SourceTitle "EXT 2023"]
[Source "ChessBase"]
[SourceDate "2022.10.05"]
[SourceVersion "1"]
[SourceVersionDate "2022.10.05"]
[SourceQuality "1"]

1. d4 Nf6 2. Nf3 d5 3. Bf4 e6 4. e3 Bd6 5. Bg3 0-0 6. Nbd2 c5 7. c3 Nc6 8. Bd3 b6 9. Qe2 Bb7 10. Ne5 Ne7 11. 0-0 Nf5 12. Bf4 Be7 13. dxc5 bxc5 14. e4 Nd6 15. exd5 exd5 16. Rfe1 Re8 17. c4 d4 18. Qd1 1/2-1/2

[Event "EU-Cup Online Gr-I"]
[Site "Tornelo INT"]
[Date "2021.03.27"]
[Round "3.3"]
[White "Marechal, Andy"]
[Black "Boe, Mads"]
[Result "0-1"]
[WhiteElo "2332"]
[BlackElo "2250"]
[PlyCount "54"]
[EventDate "2021.03.27"]
[EventType "team-tourn (rapid)"]
[EventRounds "9"]
[EventCountry "NET"]
[SourceTitle "CBM 201 Extra"]
[Source "ChessBase"]
[SourceDate "2021.05.31"]
[SourceVersion "1"]
[SourceVersionDate "2021.05.31"]
[SourceQuality "1"]
[WhiteTeam "Bonnevoie Gambit"]
[BlackTeam "Aarhus Skolerne"]
[WhiteTeamCountry "BEL"]
[BlackTeamCountry "DEN"]

1. e4 c6 2. d4 d5 3. Nc3 dxe4 4. Nxe4 Bf5 5. Ng3 Bg6 6. h4 h6 7. N1e2 Nf6 8. Nf4 Bh7 9. Bc4 e6 10. 0-0 Nd5 11. Bxd5 cxd5 12. Qh5 g6 13. Qe5 Rg8 14. Re1 Be7 15. c4 Nc6 16. Qe2 g5 17. hxg5 hxg5 18. Qh5 Bg6 19. Nxg6 Rxg6 20. Qh8+ Kd7 21. Qxd8+ Rxd8 22. cxd5 Nxd4 23. dxe6+ Rxe6 24. Rxe6 Kxe6 25. Be3 Nc2 26. Rc1 Nxe3 27. Re1 Rd1 0-1

[Event "EU-Cup Online Gr-I"]
[Site "Tornelo INT"]
[Date "2021.03.27"]
[Round "4.3"]
[White "Meylan, Pierre"]
[Black "Boe, Mads"]
[Result "0-1"]
[WhiteElo "2053"]
[BlackElo "2250"]
[PlyCount "62"]
[EventDate "2021.03.27"]
[EventType "team-tourn (rapid)"]
[EventRounds "9"]
[EventCountry "NET"]
[SourceTitle "CBM 201 Extra"]
[Source "ChessBase"]
[SourceDate "2021.05.31"]
[SourceVersion "1"]
[SourceVersionDate "2021.05.31"]
[SourceQuality "1"]
[WhiteTeam "Monte Carlo II"]
[BlackTeam "Aarhus Skolerne"]
[WhiteTeamCountry "MNC"]
[BlackTeamCountry "DEN"]

1. e4 c6 2. d4 d5 3. Nd2 dxe4 4. Nxe4 Bf5 5. Ng3 Bg6 6. Nf3 Nf6 7. Bd3 e6 8. 0-0 Nbd7 9. c4 Be7 10. b3 0-0 11. Bb2 a5 12. Re1 a4 13. Bxg6 hxg6 14. Qd2 Qb6 15. Qc3 Bb4 16. Qd3 Bxe1 17. Rxe1 axb3 18. axb3 Ra2 19. Bc1 Ra1 20. Ne5 Nxe5 21. dxe5 Ng4 22. Qe2 Nh6 23. Ne4 Nf5 24. Qf3 Qd4 25. Ng5 Qxe5 26. Kf1 Qxh2 27. g3 Nd4 28. Qe4 e5 29. Bb2 f5 30. Bxd4 fxe4 31. Bxa1 Qxf2# 0-1

[Event "Titled Tuesday intern op 09th Feb"]
[Site "Chess.com INT"]
[Date "2021.02.09"]
[Round "1"]
[White "Johnson, Ben"]
[Black "Boe, Mads"]
[Result "0-1"]
[WhiteElo "2128"]
[BlackElo "2250"]
[PlyCount "122"]
[EventDate "2021.02.09"]
[EventType "swiss (blitz)"]
[EventRounds "11"]
[EventCountry "USA"]
[SourceTitle "EXT 2022"]
[Source "ChessBase"]
[SourceDate "2021.10.06"]
[SourceVersion "1"]
[SourceVersionDate "2021.10.06"]
[SourceQuality "1"]

1. e4 c6 2. d4 d5 3. exd5 cxd5 4. Bd3 Nf6 5. h3 Nc6 6. c3 g6 7. Bf4 Bf5 8. Be2 Bg7 9. Nf3 0-0 10. 0-0 Rc8 11. Nbd2 a6 12. Ne5 Nd7 13. Nxc6 Rxc6 14. Nf3 Rc8 15. Re1 Qb6 16. Qd2 Nf6 17. Be5 Ne4 18. Qc1 f6 19. Bf4 g5 20. Be3 Nd6 21. Nd2 Qc6 22. Bg4 Qd7 23. Bxf5 Qxf5 24. Nf1 Nc4 25. Re2 Rfe8 26. Bd2 h6 27. Ne3 Qd7 28. Nxc4 Rxc4 29. Qe1 b5 30. Re6 Kf7 31. Re3 e5 32. dxe5 fxe5 33. Rf3+ Kg8 34. a3 Rcc8 35. Rg3 e4 36. h4 Be5 37. Re3 Qf5 38. hxg5 hxg5 39. Rh3 Kg7 40. Qe2 Rh8 41. Be3 Rxh3 42. gxh3 Qxh3 43. Qf1 Qf5 44. Qg2 Bf6 45. Rd1 Rh8 46. Bd4 Rh4 47. Bxf6+ Kxf6 48. Kf1 Rg4 49. Qh2 Rh4 50. Qg2 Ke6 51. b3 Qh3 52. c4 Qh1+ 53. Qg1 Qxg1+ 54. Kxg1 dxc4 55. bxc4 bxc4 56. Rd4 e3 57. fxe3 Rxd4 58. exd4 Kd5 59. Kf2 Kxd4 60. Ke2 g4 61. Kd1 g3 0-1

[Event "Titled Tuesday intern op 02nd Feb"]
[Site "Chess.com INT"]
[Date "2021.02.02"]
[Round "3"]
[White "Aitbayev, Aslan"]
[Black "Boe, Mads"]
[Result "1-0"]
[WhiteElo "2475"]
[BlackElo "2250"]
[PlyCount "93"]
[EventDate "2021.02.02"]
[EventType "swiss (blitz)"]
[EventRounds "11"]
[EventCountry "USA"]
[SourceTitle "CBM 200 Extra"]
[Source "ChessBase"]
[SourceDate "2021.03.31"]
[SourceVersion "1"]
[SourceVersionDate "2021.03.31"]
[SourceQuality "1"]

1. e4 c6 2. d4 d5 3. Nc3 dxe4 4. Nxe4 Bf5 5. Ng3 Bg6 6. h4 h6 7. Nf3 Nf6 8. Ne5 Bh7 9. Bd3 Nbd7 10. Bf4 Nxe5 11. Bxe5 Bxd3 12. Qxd3 e6 13. 0-0-0 Be7 14. Kb1 Qd7 15. c4 0-0-0 16. Qc2 Rhg8 17. f3 Bd6 18. Qa4 a6 19. Ne2 Qc7 20. f4 Ne4 21. Rhf1 f5 22. Qc2 Bxe5 23. fxe5 c5 24. g4 g6 25. Nf4 Rxd4 26. Rxd4 cxd4 27. gxf5 gxf5 28. Nxe6 Qxe5 29. Nf4 Kb8 30. a3 Rc8 31. Nd3 Qe6 32. c5 Qd5 33. Rc1 Rc6 34. Qh2+ Ka7 35. Nb4 Qe6 36. Nxc6+ Qxc6 37. Qe2 Qd5 38. Qd3 Nxc5 39. Qc4 Qxc4 40. Rxc4 Ne6 41. Rc8 Kb6 42. Re8 Nf4 43. Rf8 Ne2 44. Rxf5 d3 45. Rd5 Nf4 46. Rd4 Ng2 47. h5 1-0